000 00485nam a2200181 4500
005 20260630114911.0
008 260630b |||||||| |||| 00| 0 eng d
020 _a0340739762
100 _aMitchell David
245 _aNumber 9dream
_c/David Mitchell
260 _aLondon
_bSceptre
_c2001
300 _a418p.
650 _aYoung Men -japan - fiction
650 _aFathers and sons - fiction
650 _aIdentify [psychology]
650 _aDreams - fiction
942 _cBK
999 _c41575
_d41575